000 00360nam a2200133Ia 4500
008 231129s9999||||xx |||||||||||||| ||spa||
020 _a84-7634-461-9
040 _bspa
082 _a909.08 T927e
100 _aTunon de Lara Manuel
245 0 _aEstudios de historia contemporanea
264 _aOrbis
942 _2ddc
_cBKS
999 _c13661
_d13661